Multiplikator, Gleichgewicht, Optimale Wachstumsrate und Standortverteilung.

Bibliographic Details
Main Author: Krelle, Wilhelm.
Format: eBook
Language:German
Published: Berlin : Duncker & Humblot, 1965.
Edition:1st ed.
Series:Schriften des Vereins Für Socialpolitik Series
Subjects:
Online Access:Click to View
LEADER 04703nam a22003973i 4500
001 EBC7109138
003 MiAaPQ
005 20240729202204.0
006 m o d |
007 cr cnu||||||||
008 240729s1965 xx o ||||0 ger d
020 |a 9783428410743  |q (electronic bk.) 
020 |z 9783428010745 
035 |a (MiAaPQ)EBC7109138 
035 |a (Au-PeEL)EBL7109138 
035 |a (OCoLC)1354207041 
040 |a MiAaPQ  |b eng  |e rda  |e pn  |c MiAaPQ  |d MiAaPQ 
100 1 |a Krelle, Wilhelm. 
245 1 0 |a Multiplikator, Gleichgewicht, Optimale Wachstumsrate und Standortverteilung. 
250 |a 1st ed. 
264 1 |a Berlin :  |b Duncker & Humblot,  |c 1965. 
264 4 |c ©1965. 
300 |a 1 online resource (138 pages) 
336 |a text  |b txt  |2 rdacontent 
337 |a computer  |b c  |2 rdamedia 
338 |a online resource  |b cr  |2 rdacarrier 
490 1 |a Schriften des Vereins Für Socialpolitik Series 
505 0 |a Intro -- Vorwort -- Inhaltsverzeichnis -- Erwin Scheele (Karlsruhe): Multiplikator und gleichgewichtige Wachstumsrate bei Disaggregation des Einkommens -- I -- II -- III -- IV -- Anhang -- A. Graphische Darstellung des Modells -- B. Erläuterung der Ableitungen -- C. Die Abhängigkeit der Faktorkombination vom Reallohn-Niveau -- Hans-Jürgen Vosgerau (Heidelberg): Zur makroökonomischen Theorie des Investitionsoptimums -- I. Einführung -- 1. Die zu optimierenden (endogenen) Faktoren -- 2. Die Optimierungskriterien -- 3. Die Modellvoraussetzungen -- II. Der optimale Gleichgewichtspfad -- 1. Die makroökonomische Produktionsfunktion -- 2. Die gleichgewichtige (konstante) Wachstumsrate -- 3. Der optimale Gleichgewichtspfad -- 4. Anfangsbedingungen und Stabilität des optimalen Gleichgewichtspfades -- III. Das den gesellschaftlichen Welfare maximierende optimale Wachstum mit variabler Wachstumsrate -- 1. Die gesellschaftliche Welfare-Funktion und ihre Maximierung -- 2. Der optimale Gleichgewichtspfad als welfaremaximierender Pfad -- 3. Die Bedingungen für die Existenz eines Maximums des Welfare-Integrals -- a) Unendlicher Zeithorizont (f = ∞) -- b) Endlicher Zeithorizont (f &lt -- ∞) -- 4. Der optimale Anpassungspfad -- Anhang. Verzeichnis der wichtigsten verwendeten Symbole -- Winfried Vogt (Kiel): Diskussionsbeitrag zu H.-J. Vosgerau. Zur makroökonomischen Theorie des Investitionsoptimums -- 1. Das Problem -- 2. Die Lösung des Problems -- 3. Die Ergebnisse -- Herbert Gülicher (Münster): Einige Eigenschaften optimaler Standorte in Verkehrsnetzen -- 1. Allgemeine Aufgabenstellung -- A. Verkehrsnetze mit entfernungslinearen Transportkosten -- 2. Ein optimaler Standort ohne Berücksichtigung von Rohstofftransportkosten in singulären Verkehrsnetzen -- a) Mengenlineare Transportkosten -- b) Mengennichtlineare Transportkosten. 
505 8 |a 3. Ein optimaler Standort mit Berücksichtigung von Rohstofftransportkosten in singulären Verkehrsnetzen -- a) Mengenlineare Transportkosten -- b) Mengennichtlineare Transportkosten -- 4. Mehrere optimale Standorte ohne Berücksichtigung von Rohstofftransportkosten in singulären Verkehrsnetzen -- a) Mehrere optimale Standorte ohne Kapazitätsbeschränkungen -- aa) Mengenlineare Transportkosten - Bestimmung der optimalen Standorte -- bb) Mengennichtlineare Transportkosten - Bestimmung der optimalen Standorte -- b) Mehrere optimale Standorte gegebener, gleicher Produktionskapazität bei mengenlinearen Transportkosten -- 5. Mehrere optimale Standorte mit Berücksichtigung von Rohstofftransportkosten in singulären Verkehrsnetzen -- 6. Ein optimaler Standort in nichtsingulären Verkehrsnetzen -- 7. Mehrere optimale Standorte mit Berücksichtigung von Rohstofftransportkosten in Verkehrsnetzen -- 8. Ein optimaler Standort in Spezialfällen nichtsingulärer Verkehrsnetze -- a) Offene Netze - Bestimmung des optimalen Standorts -- b) Gemischte Netze -- B. Verkehrsnetze mit entfernungsnichtlinearen Transportkosten -- 9. Verkehrsnetze mit entfernungsdegressiven Transportkosten. 
588 |a Description based on publisher supplied metadata and other sources. 
590 |a Electronic reproduction. Ann Arbor, Michigan : ProQuest Ebook Central, 2024. Available via World Wide Web. Access may be limited to ProQuest Ebook Central affiliated libraries.  
655 4 |a Electronic books. 
776 0 8 |i Print version:  |a Krelle, Wilhelm  |t Multiplikator, Gleichgewicht, Optimale Wachstumsrate und Standortverteilung  |d Berlin : Duncker & Humblot,c1965  |z 9783428010745 
797 2 |a ProQuest (Firm) 
830 0 |a Schriften des Vereins Für Socialpolitik Series 
856 4 0 |u https://ebookcentral.proquest.com/lib/matrademy/detail.action?docID=7109138  |z Click to View